Basic Japanese Language Quiz 2 - Statistics

General Stats
  • This quiz has been taken 15 times
  • The average score is 7 of 10
Answer Stats
Question Answer % Correct
アメリカのシアトル[  ]来(き)ました。 (I'm from Seattle, the U.S.) から
80%
「原宿(はらじゅく)へは、[  ]行(い)ったらいいですか。」「あの緑(緑)の電車(でんしゃ)に乗(の)ってください。」 ("How can I get to Harajuku?" "Take that green train.") どうやって
80%
多(おお)くの人(ひと)は、ペンを[  ]手(て)に持(も)ちます。 (Most people have the pen in their right hand.) 右(みぎ)
80%
頭(あたま)が[  ]。 (I have a headache.) 痛(いた)い
80%
「ありがとう。」「[  ]。」 ("Thank you." "You're welcome.") どういたしまして
73%
僕(ぼく)は昨日(きのう)、すし[  ]食(た)べた。 (I ate sushi yesterday.)
73%
「[  ]ですか。」「40歳(さい)です。」 ("How old are you?" "I'm 40 years old.") おいくつ
67%
日本(にほん)の新幹線(しんかんせん)に乗(の)るには、2枚(まい)のチケットが[  ]です。 (When you take the Shinkansen, you need two tickets.) 必要(ひつよう)
60%
コンビニに行(い)った。[  ]、欲(ほ)しかったお菓子(かし)はなかった。 (I went to the convenience store. But there were no snacks I wanted.) けれど
53%
4日(よっか)の次は5日([  ])です。 (After the fourth comes the fifth. ) いつか
53%
No matching quizzes found
Score Distribution
Percent of People with Each Score
Percentile by Number Answered
Your Score History
You have not taken this quiz